00146 a2200073 45000010005000001000015000052450033000202600019000532914 aMathews, S aExcel 4 for window made easy abMGraw Hillc